00796nam a2200229 a 450000100100000000500170001000800410002704000250006804100390009308200130013210000220014524000290016724500470019626000410024330000280028449000250031253400540033783000320039104900090042395201170043299900170054900002586320200930024116.0110223s1965 sp a r 000 0 spa d aDO-SdBNPbspacBNPHU17aspahfre2Código de idiomas MARC ann*bnn*1 aReynal, C.95270514aLes ressorts.lEspañol10aEstudio y calculo de muebles /cC. Reynal. aBarcelona :bHispano Europea,c1965. a282 p. :bil. ;c21 cm.1 aBiblioteca Técnica aTítulo de la edición original :tLes ressorts 0aBiblioteca Técnica949000 aBNGR 001054708MOaGRbGRcCTd2011-02-23iLF1l0onn* nn*p25863-10r2020-06-25w2020-06-25y4ZPréstamo en sala c25355d25355